US States by their Easternmost and Westernmost Towns - Statistics

General Stats
  • This quiz has been taken 18 times
  • The average score is 5 of 15
Answer Stats
Westernmost Easternmost Answer % Correct
Pensacola Palm Beach Shores Florida
100%
Honolulu Honolulu Hawaii
100%
Kansas City Coolidge Kansas
100%
Mount Washington Nantucket Massachusetts
100%
Reno West Wendover Nevada
100%
Boise City Arkoma Oklahoma
100%
Westerly East Providence Rhode Island
100%
El Paso Orange Texas
86%
Memphis Mountain City Tennessee
83%
Ironwood Port Huron Michigan
75%
Fort Smith Blytheville Arkansas
67%
Virden Texico New Mexico
67%
Lake Havasu City Douglas Arizona
60%
Adak Hyder Alaska
50%
Greenwich Thompson Connecticut
50%
Trenton Tybee Island Georgia
50%
Bear River Pine Bluffs Wyoming
50%
Ferndale Needles California
40%
Quincy Allison Illinois
33%
Pennsville Bayonne New Jersey
33%
Beach Wahpeton North Dakota
33%
Spearfish Hudson South Dakota
33%
Jonesville Chincoteague Virginia
33%
Kenova Harper's Ferry West Virginia
33%
Oldtown Victor Idaho
25%
Mount Vernon Patriot Indiana
25%
Murphy Rodanthe North Carolina
25%
Westport Tekoa Washington
25%
Dinosaur Towner Colorado
20%
Dunkirk East Hampton New York
20%
Lebanon Lubec Maine
17%
Port Orford Ontario Oregon
17%
Cuba Phenix City Alabama
0%
Hartly Fenwick Delaware
0%
Westfield Clinton Iowa
0%
Hickman Elkhorn Kentucky
0%
Logansport Pearl River Louisiana
0%
Oakland Berlin Maryland
0%
St. Vincent Grand Marais Minnesota
0%
Walls Gattman Mississippi
0%
Watson Wilson City Missouri
0%
Troy Westby Montana
0%
Henry Rulo Nebraska
0%
Pittsburg New Castle New Hampshire
0%
New Weston Masury Ohio
0%
Bloomsburg Matamoras Pennsylvania
0%
Westminister North Myrtle Beach South Carolina
0%
Wendover Monticello Utah
0%
Alburgh Canaan Vermont
0%
Prescott Ephraim Wisconsin
0%
No matching quizzes found
Score Distribution
Percent of People with Each Score
Percentile by Number Answered
Your Score History
You have not taken this quiz